| 000 | 00865cam a2200193 4500 | ||
|---|---|---|---|
| 001 | B78 | ||
| 008 | 090401t1985 xxu||||| |||| 00| 0 eng d | ||
| 035 | _a(Sirsi) u32847 | ||
| 041 | _aeng | ||
| 050 | _a526.90285 | ||
| 110 |
_aCommonwealth Association of Surveying and Land Economy _92570 |
||
| 245 | _aLand information management :systems and experiences in developing countries:papers presented at a symposium... Kuala Lumpur ,Malaysia,9-14 September 1985 | ||
| 260 |
_aLondon _bCommonwealth Association of Surveying an _c1985 |
||
| 300 | _a41p. ; 21cm. | ||
| 350 | _a0 | ||
| 520 | _aPapers by Dunkerley,H. , Hawkey,W. , McLaughlin,J. and Holstein,L. Papers: Land information systems for developing countries .-Land information, New Zealand .-Land information management.- Land registration for less developed countries. | ||
| 942 | _n0 | ||
| 948 | _c04/03/1997 | ||
| 999 |
_c89765 _d89765 |
||